Größte Städte der Welt nach Buchstabe - F - Statistiken

Allgemein
  • Dieses Quiz wurde 416 mal gespielt
  • Das Durchschnittsergebnis liegt bei 5 aus 11
Antwortstatistiken
Land Bevölkerung Stadt % Korrekt
Deutschland 3,28 Mio. Frankfurt am Main
99%
Italien 1,00 Mio. Florenz
83%
Sierra Leone 1,34 Mio. Freetown
68%
Marokko 1,33 Mio. Fes
56%
Brasilien 3,78 Mio. Fortaleza
46%
Japan 2,80 Mio. Fukuoka
38%
Pakistan 3,95 Mio. Faisalabad
28%
China 4,55 Mio. Fuzhou
23%
USA 1,00 Mio. Fresno
19%
Brasilien 1,05 Mio. Florianópolis
12%
China 1,31 Mio. Fuyang
4%
Keine übereinstimmenden Quizze gefunden
Verteilung der Resultate
Anzahl Personen mit jedem Resultat
Perzentil nach korrekt beantworteten Fragen
Ihre Resultats-Entwicklung
Sie haben dieses Quiz noch nicht gespielt